Roman Emperors - Sudden Death - Statistics

General Stats
  • This quiz has been taken 790 times
  • The average score is 12 of 18
Answers on the Grid
Answers color-coded by a green-red scale on the quiz's grid according to % correct below.
Akbar
Alexander
Attila
Augustus
Aurelian
Caligula
Caracalla
Charlemagne
Claudius
Commodus
Constantine
Cyrus
Darius
Decius
Diocletian
Genghis Khan
Gordian
Hadrian
Hannibal
Julius
Marcus Aurelius
Moctezuma
Nero
Peter
Theseus
Tiberius
Trajan
Valerian
Vespasian
Xerxes
 
Answer Stats
Answer % Correct
Augustus
87%
Caligula
82%
Nero
78%
Claudius
77%
Constantine
76%
Marcus Aurelius
76%
Tiberius
76%
Commodus
70%
Hadrian
69%
Aurelian
68%
Julius
66%
Diocletian
63%
Trajan
63%
Vespasian
60%
Valerian
58%
Caracalla
52%
Decius
48%
Gordian
33%
No matching quizzes found
Score Distribution
Percent of People with Each Score
Percentile by Number Answered
Your Score History
You have not taken this quiz